| 000 | 00440nam a2200157Ia 4500 | ||
|---|---|---|---|
| 008 | 230312s9999||||xx |||||||||||||| ||und|| | ||
| 020 | _a0-8120-9407-7 | ||
| 082 |
_a428.0076 _bSHA |
||
| 100 | _aPamela J. Sharper , Ph. D. | ||
| 245 | 0 | _aHow to Prepare for the Toefl Test | |
| 260 |
_bBARRON'S _aNew York _c1996 |
||
| 300 | _a610 | ||
| 546 | _aEng. | ||
| 650 |
_aAccounting _vIntroduction , Review of Listening Comprehansion |
||
| 942 | _cBK | ||
| 999 |
_c2025 _d2025 |
||